000 00332nam a2200133Ia 4500
005 20251222153538.0
008 251222s9999||||xx |||||||||||||| ||spa||
082 _a610/B24
100 _aBarbero, Javier
245 0 _aComunicación en Oncología Clínica
250 _a1ra. ed.
264 _bEditorial Just in Time
942 _cLIB
999 _c30355
_d30355